000 01223cam a22002175a 4500
001 L138175
008 070521e2005 xxk f 100 0 eng d
035 _a(Sirsi) u138175
041 0 _aeng
100 1 _aWard, P.
245 0 0 _aConsequences of adoption of the SOCL's delay and disruption protocols "model" clauses for the Australian construction industry
_h[electronic resource]
260 _c2005
490 0 _aCOBRA
_v2005
520 _aDiscusses the Society of Construction Law's Delay and Disruption Protocol, and the "model" clauses that seek to address and improve the preparation, approval, and updating of the contract programme, and the keeping of suitable and adequate project site records. Reports a general agreement concerning the potential benefits from the implementation of the "model" clauses
651 4 _aAUSTRALIA
651 4 _aUnited Kingdom
_y
690 _aMANAGEMENT-BUSINESS MANAGEMENT-INFORMATION MANAGEMENT-DOCUMENT MANAGEMENT
711 2 _aConstruction and Building Research Conference
_cUniversity of Queensland, Brisbane
_d4-5 July 2005
856 4 0 _uhttps://www.rics.org/site/scripts/download_info.aspx?downloadID=2549
_zView the item free of charge at www.rics.org...
942 _n0
999 _c107041
_d107041